000 00274nam a2200109Ia 4500
001 589094
005 20250717120842.0
008 250717s9999 xx 000 0 und d
245 0 _aX-3 ÇİFTLİKTE
_cCECILE JUGLA
260 _bBİNBİR ÇİÇEK YAYINLARI
_c2018
300 _b20
999 _c589094
_d589094